00681nam a2200157 a 450000100100000000500170001000800410002704000250006811100910009324500240018426001480020830000360035604900090039295201050040199900170050600002902820200930055303.0110413s1978 dr ac 000 0 spa d aDO-SdBNPbspacBNPHU2 aMemoria de una celebración históricad(1978:cLa Romanan14 de septiembre )95594614aUna victoria legal. aLa Romana, República Dominicana :bAsociación de Colonos Azucareros de la Central Romana,c[1978].fEditorial Industria de Artes Gráficas a[20] p. :bil., retrs ;c22 cm. aBNPD 0010718PDaPDbPDcCTd2011-04-13iLF1l0o p29028-10r2020-06-25w2020-06-25yLFPDZNo se presta c28520d28520